| 000 | 00577nam a2200193Ia 4500 | ||
|---|---|---|---|
| 003 | 0OSt | ||
| 005 | 20260202122730.0 | ||
| 008 | 240810s9999 xx 000 0 und d | ||
| 020 | _a978-989-97163-0-8 | ||
| 040 |
_aBiblioteca Geral-Universidade Lusíada de Angola _cBULA |
||
| 082 |
_m9(1) _a323.1 |
||
| 100 | _aFUNDAÇÃO AGOSTINHO NETO | ||
| 245 | 0 | _aAgostinho Neto e a Libertação de Angola 1949-1974 vol IV | |
| 260 |
_aLuanda, _bFundaçao Agostinho Neto _c2011. |
||
| 300 | _a949p | ||
| 650 | _aPolitica | ||
| 700 | _aFundação Agostinho Neto | ||
| 942 |
_cLivros _2ddc |
||
| 999 |
_c605 _d605 |
||